1975 conference on computing in the CAE's : papers presented.

সংরক্ষণ করুন:
গ্রন্থ-পঞ্জীর বিবরন
সংস্থা লেখক: Conference on Computing in the CAE's Queensland Institute of Technology, Queensland Institute of Technology
বিন্যাস: কনফারেন্স প্রসিডিং গ্রন্থ
ভাষা:English
প্রকাশিত: s.l. : Queensland Institute of Technology , 1975.
বিষয়গুলি:
LEADER 01032nam a2200253 i 4500
001 c000031834
003 CARM
005 00000000000000.0
008 841030s1975 xx eng d
019 1 |a 9706929  |5 LACONCORD2021 
035 |a (OCoLC)27612740  |5 LACONCORD2021 
111 2 0 |a Conference on Computing in the CAE's  |d (1975 :  |c Queensland Institute of Technology) 
245 1 0 |a 1975 conference on computing in the CAE's :  |b papers presented. 
260 |a s.l. :  |b Queensland Institute of Technology ,  |c 1975. 
300 |a ca.400 p. :  |b ill. 
500 |a Cover title. 
500 |a Includes bibliographies. 
650 0 |a Electronic data processing  |x Education, Higher. 
650 0 |a Technical education  |z Australia. 
710 2 0 |a Queensland Institute of Technology. 
852 8 |b CARM  |h A3:AB01E0  |i D00284  |p 0024960  |f BK 
082 0 |a 378.1967029 
999 f f |i 5d213753-5de2-59c9-ba14-00b249a85fbd  |s b8dcd25e-676a-5bb8-87c5-d39224a77f08 
952 f f |p Can circulate  |a CAVAL  |b CAVAL  |c CAVAL  |d CARM 1 Store  |e D00284  |f A3:AB01E0  |h Other scheme  |i book  |m 0024960